Genetical studies on characteristics of the red pepper cultivar Cuneo and its performance in the Mekong Delta

محفوظ في:
التفاصيل البيبلوغرافية
المؤلف الرئيسي: Đỗ Văn Nguyện
التنسيق: كتاب
اللغة:Undetermined
منشور في: Cần Thơ Viện Đại Học Cần Thơ - Trường Cao Đẳng Nông Nghiệp 1972
الموضوعات:
الوسوم: إضافة وسم
لا توجد وسوم, كن أول من يضع وسما على هذه التسجيلة!
Thư viện lưu trữ: Trung tâm Học liệu Trường Đại học Cần Thơ
LEADER 00654nam a2200181Ia 4500
001 CTU_33611
008 210402s9999 xx 000 0 und d
082 |a 633.84 
082 |b Ng527 
100 |a Đỗ Văn Nguyện 
245 0 |a Genetical studies on characteristics of the red pepper cultivar Cuneo and its performance in the Mekong Delta 
245 0 |c Đỗ Văn Nguyện 
260 |a Cần Thơ 
260 |b Viện Đại Học Cần Thơ - Trường Cao Đẳng Nông Nghiệp 
260 |c 1972 
650 |a red pepper - planting 
904 |i Minh, 991104 
980 |a Trung tâm Học liệu Trường Đại học Cần Thơ